000 00976nam a2200253 a 4500
001 82582
003 BD-RjUL
005 20240109152445.0
008 240109s2021 bg ||||| |||| 00| 0 ben d
020 _a9789849337300 (Vol.1)
035 _a(BD-RjUL)82582
040 _aBD-RjUL
_beng
_cBD-RjUL
041 _aben
082 _223
_a891.443
_bSAM 2021
100 _aসাত্তার, সরদার আবদুস
_910773
245 _aতথাপি মোগল /
_cসরদার আবদুস সাত্তার
250 _a২য় পরিবর্ধিত সং.
260 _aঢাকা :
_bসুচয়নী পাবলিশার্স,
_c২০২১
300 _aখণ্ড :
_bচিত্রসমূহ;
_c২৫ সেমি.
505 0 1 _aখণ্ড ১ম. মোগল রাজকন্যার চোখে জল --
650 _aবাংলা উপন্যাস
650 _aBengali novel
942 _2ddc
_cBK
999 _c82582
_d82582